personnage one piece avec fruit - Statistiques

Statistiques générales
  • Ce quiz a été pris 193 fois
  • Le résultat moyen est 13 sur 15
Answers on the Grid
Answers color-coded by a green-red scale on the quiz's grid according to % correct below.
luffy
zoro
shanks
nami
kaido
chopper
sanji
zef
big mom
fujitora
arlong
law
brook
robin
shiraoshi
st saturn
franky
barbe noire
rebeca
hermep
garp
kizaru
kobby
ace
barbe blanche
jinbe
mihawk
smoker
oden
baggy le clown
 
Statistiques - réponses
Réponse % Correct
brook
90%
baggy le clown
88%
barbe noire
88%
big mom
88%
kaido
88%
luffy
87%
smoker
87%
ace
86%
barbe blanche
85%
chopper
85%
law
83%
robin
83%
kizaru
82%
fujitora
80%
st saturn
75%
Aucun quiz correspondant
Distribution des résultats
% des personnes avec chaque résultat
Percentile par nombre de réponses
Votre historique - résultats
Vous n’avez pas pris ce quiz